| 000 | 01325nam a2200313Ia 4500 | ||
|---|---|---|---|
| 005 | 20220317000452.0 | ||
| 008 | 160315s2013 sp a g 000 0 undpdspa | ||
| 020 | _a9788433971043 | ||
| 100 | 1 |
_aGinsberg, Allen _d1926-1997 |
|
| 245 | 1 | 0 |
_aAullido _by otros poemas _cAllen Ginsberg ; traducido por Rodrigo Olavarría |
| 250 | _aCuarta edición | ||
| 300 |
_a96 páginas _c22 cm |
||
| 490 |
_aPanorama de narrativas _v641 |
||
| 505 | _aAullido -- Nota a pie de página para Aullido -- Un supermercado en California -- Transcripción de música de órgano -- Sutra del girasol -- América -- En la sala de equipajes en Greyhound -- Salmo III -- Un asfódelo -- El automovil verde -- Canción -- Huerfano salvaje -- En el reverso de lo real | ||
| 534 | _tHowl and other poems | ||
| 546 | _aespañol e inglés | ||
| 650 | 1 | 4 |
_2LEMB _aPoesía estadounidense _ySiglo XX |
| 650 | 1 | 4 |
_2LEMB _aLiteratura estadounidense _ySiglo XX |
| 650 | 1 | 4 |
_2LEMB _aVida en la literatura |
| 650 | 1 | 4 |
_2LEMB _aJóvenes en la literatura |
| 700 | 1 |
_aOlavarría, Rodrigo _etraductor _999746 |
|
| 942 |
_2loc _cBKLIT |
||
| 264 |
_aBarcelona _bAnagrama _c2013 |
||
| 336 |
_atexto _btxt _2rdacontent |
||
| 337 |
_asin mediación _bn _2rdamedia |
||
| 338 |
_avolumen _bnc _2rdacarrier |
||
| 040 |
_aCO-BoRNBP _bspa _erda _cCO-BoRNBP |
||
| 084 | _aP GIN2 | ||
| 999 |
_c4128 _d4128 |
||